000 00858nam a22002297a 4500
999 _c18623
_d18623
003 AR-CdUCM
008 190514b ||||| |||| 00| 0 spa d
040 _aMUNICIPALIDAD PROVINCIAL DEL CUSCO
_cBIBLIOTECA MUNICIPAL DEL CUSCO
082 _a332.5 /
_bT81
100 _aTriffin, Robert
_935419
245 _aEl oro y la crisis del dolar :
_bel futuro de la convertibilidad /
260 _aMéxico :
_bFondo de cultura económica,
_c1962.
300 _a206 páginas ;
_c21 cm.
440 _aSección de obras de economía
_96499
505 _aContenido: Diagnostico -- Receta -- Para poner al día una historia inconclusa.
650 _aEconomía mundial
_95126
650 _aDolar
_938629
650 _aEstados unidos
_929155
700 _aMárquez de Silva Herzog, María Teresa (traducción)
_939320
942 _2ddc
_cLIBROS
945 _adavv
_d2019-05-14